[Event "LSS No Engine Cup 208 Preliminary 0"]
[Site "LSS email"]
[Date "2020.10.01"]
[Round "?"]
[White "Drus, Michal"]
[Black "Wilshusen, Horst"]
[Result "0-1"]
[WhiteElo "1485"]
[BlackElo "1571"]
[PlyCount "30"]
[EventDate "2020.10.01"]
[EventType "tourn (corr)"]
[EventRounds "6"]
[EventCountry "GER"]
[SourceTitle "Corr 2022"]
[Source "ChessBase"]
[SourceDate "2021.10.24"]
[SourceVersion "1"]
[SourceVersionDate "2021.10.24"]
[SourceQuality "1"]

1. e4 e5 2. Nf3 Nc6 3. Bc4 Bc5 4. Nc3 Nf6 5. Nd5 Nxe4 6. Nxe5 Bxf2+ 7. Kf1 Nxe5 8. Qh5 Ng6 9. Qe5+ Nxe5 10. d3 Bc5 11. dxe4 Nxc4 12. Bf4 d6 13. b3 Nb6 14. h3 0-0 15. c3 Nxd5 0-1

[Event "LSS No Engine Cup 208 Preliminary 0"]
[Site "LSS email"]
[Date "2020.10.01"]
[Round "?"]
[White "Wuttke, Bodo"]
[Black "Drus, Michal"]
[Result "1-0"]
[WhiteElo "2045"]
[BlackElo "1485"]
[PlyCount "69"]
[EventDate "2020.10.01"]
[EventType "tourn (corr)"]
[EventRounds "6"]
[EventCountry "GER"]
[SourceTitle "Corr 2022"]
[Source "ChessBase"]
[SourceDate "2021.10.24"]
[SourceVersion "1"]
[SourceVersionDate "2021.10.24"]
[SourceQuality "1"]

1. d4 d5 2. c4 c6 3. cxd5 cxd5 4. Nc3 e6 5. a3 Nf6 6. Bf4 Nc6 7. Nf3 Bd6 8. Bxd6 Qxd6 9. e3 Bd7 10. Be2 0-0 11. 0-0 a6 12. Rc1 e5 13. Nxe5 Nxe5 14. dxe5 Qxe5 15. Qb3 Bg4 16. Qb4 b5 17. Bxg4 a5 18. Qd4 Qxd4 19. exd4 Nxg4 20. Nxd5 Rad8 21. Rc5 Rfe8 22. h3 Nf6 23. Nxf6+ gxf6 24. Rd1 Rb8 25. d5 Kg7 26. d6 Rbd8 27. Rxb5 Re6 28. Rxa5 Rdxd6 29. Rxd6 Rxd6 30. a4 Rd2 31. Rb5 Kg6 32. a5 f5 33. a6 Rd1+ 34. Kh2 Rd6 35. Ra5 1-0

[Event "OP-2016-0-04181"]
[Site "LSS email"]
[Date "2016.10.13"]
[Round "?"]
[White "Konstantinov, Maxim"]
[Black "Drus, Michal"]
[Result "1-0"]
[WhiteElo "2441"]
[BlackElo "1600"]
[PlyCount "45"]
[EventDate "2016.10.06"]
[EventType "tourn (corr)"]
[EventRounds "4"]
[EventCountry "GER"]
[SourceTitle "Corr 2022"]
[Source "ChessBase"]
[SourceDate "2021.10.24"]
[SourceVersion "1"]
[SourceVersionDate "2021.10.24"]
[SourceQuality "1"]

1. e4 c5 2. a3 e6 3. b4 Nf6 4. d3 d5 5. e5 Nfd7 6. f4 Nb6 7. bxc5 Bxc5 8. d4 Be7 9. Bd3 Nc6 10. Nf3 0-0 11. 0-0 a6 12. Ng5 g6 13. c3 Nc4 14. a4 h6 15. Nf3 Kg7 16. g4 Bd7 17. Ra2 b5 18. f5 bxa4 19. f6+ Bxf6 20. exf6+ Kh7 21. Bxh6 Kxh6 22. Qe1 e5 23. Qh4# 1-0

[Event "OP-2016-0-04181"]
[Site "LSS email"]
[Date "2016.10.12"]
[Round "?"]
[White "Drus, Michal"]
[Black "Caviglia, Maximiliano"]
[Result "0-1"]
[WhiteElo "1600"]
[BlackElo "1091"]
[PlyCount "62"]
[EventDate "2016.10.06"]
[EventType "tourn (corr)"]
[EventRounds "4"]
[EventCountry "GER"]
[SourceTitle "Corr 2022"]
[Source "ChessBase"]
[SourceDate "2021.10.24"]
[SourceVersion "1"]
[SourceVersionDate "2021.10.24"]
[SourceQuality "1"]

1. e4 c5 2. Nf3 d6 3. d4 cxd4 4. Nxd4 Nf6 5. Nc3 a6 6. Bg5 e6 7. Qf3 Be7 8. 0-0-0 Bd7 9. Bd3 Nc6 10. Bxf6 Bxf6 11. Rhe1 0-0 12. Nce2 Ne5 13. Qg3 Nxd3+ 14. Rxd3 Bb5 15. Nxb5 axb5 16. Nf4 Be5 17. h4 Rxa2 18. c3 Qc7 19. Kc2 Qa5 20. Rb1 b4 21. c4 b5 22. c5 dxc5 23. Qg5 Bxf4 24. Qxf4 c4 25. Rd7 c3 26. Kd1 Rxb2 27. Rc1 b3 28. Qe3 c2+ 29. Ke2 Rb1 30. Qd2 Qxd2+ 31. Rxd2 Rxc1 0-1